| 000 | 00489nam a2200205 a 4500 | ||
|---|---|---|---|
| 999 |
_c6942 _d6942 |
||
| 001 | 6942 | ||
| 003 | BD-JhCC | ||
| 005 | 20180201175443.0 | ||
| 008 | 180201s1964 uk ||||| |||| 000 0 eng d | ||
| 035 | _a(BD-JhCC) | ||
| 040 |
_aBD-JhCC _dBD-JhCC |
||
| 041 | _aeng | ||
| 082 |
_a421.7 _bREE 1964 |
||
| 100 | _aReeves, James | ||
| 245 |
_aThe Modern Poets' World / _cJames Reeves |
||
| 260 |
_aLondon: _bHeinemann; _c1964 |
||
| 300 |
_a132 p;, _c18 cm |
||
| 650 | _aPoetry | ||
| 942 |
_2ddc _cBK |
||